000 00211nam a2200085Ia 4500
008 120527s9999 xx 000 0 und d
100 _aRoston, W.W
245 _aThe World Economy: History and prospect
942 _cBK
999 _c27223
_d27223